Loading...
Science - Other Science | 1 | 4 | 1 | 1 | 50 | 37 | 105.20 | 1 | 3 |
Science - Biology | 0 | 4 | 0 | 0 | 40 | 77 | 100.00 | 0 | 0 |
Science - Physics | 1 | 2 | 0 | 0 | 35 | 69 | 103.33 | 0 | 1 |
Fine Arts - Other Arts | 0 | 3 | 1 | 1 | 25 | 93 | 117.33 | 0 | 2 |
Other Academic | 0 | 2 | 0 | 0 | 20 | 67 | 80.50 | 0 | 1 |
History - American History | 0 | 2 | 0 | 0 | 20 | 105 | 108.00 | 0 | 0 |
Social Science | 0 | 2 | 1 | 1 | 15 | 116 | 124.00 | 0 | 1 |
History - World History | 1 | 0 | 0 | 0 | 15 | 25 | 25.00 | 1 | 1 |
Science - Chemistry | 0 | 2 | 1 | 0 | 15 | 110 | 111.50 | 1 | 1 |
Literature - American Literature | 0 | 1 | 0 | 1 | 10 | 141 | 141.00 | 0 | 1 |
Philosophy | 0 | 1 | 0 | 0 | 10 | 115 | 115.00 | 0 | 0 |
Visual Arts | 0 | 0 | 1 | 0 | -5 | 0.00 | 0 | 0 | |
History - European History | 0 | 0 | 1 | 0 | -5 | 0.00 | 0 | 0 | |
Auditory Arts | 0 | 0 | 2 | 0 | -10 | 0.00 | 0 | 0 |